Sheadings of the Isle of Man - Statistics

General Stats
  • This quiz has been taken 80 times
  • The average score is 4 of 6
Answers on the Map
Answers color-coded by a green-red scale on the quiz's map according to % correct below.
 
Answer Stats
Sheading % Correct
Ayre
86%
Middle
86%
Rushen
77%
Michael
73%
Garff
55%
Glenfaba
55%
No matching quizzes found
Score Distribution
Percent of People with Each Score
Percentile by Number Answered
Your Score History
You have not taken this quiz